Central Library OPAC University of Rajshahi

সাদাকালো '৭১ / (Record no. 44769)

MARC details
000 -LEADER
fixed length control field 01014nam a22002537a 4500
001 - CONTROL NUMBER
control field 44769
003 - CONTROL NUMBER IDENTIFIER
rucl marc code BD-RjUL
005 - DATE AND TIME OF LATEST TRANSACTION
control field 20211209053920.0
008 - FIXED-LENGTH DATA ELEMENTS--GENERAL INFORMATION
fixed length control field 160720s2009 bg a|||| |||| 00| 0 ben d
020 ## - INTERNATIONAL STANDARD BOOK NUMBER
International Standard Book Number 9789843308952
Terms of availability : TK 1500.00
035 ## - SYSTEM CONTROL NUMBER
System control number (BD-RjUL)44887
040 ## - CATALOGING SOURCE
Original cataloging agency BD-RjUL
Language of cataloging ben
Transcribing agency BD-RjUL
041 ## - LANGUAGE CODE
Language code of text/sound track or separate title ben
082 ## - DEWEY DECIMAL CLASSIFICATION NUMBER
Edition number 23
Classification number 782.409549205
Author mark and year SAD 2009
245 00 - TITLE STATEMENT
Title সাদাকালো '৭১ /
260 ## - PUBLICATION, DISTRIBUTION, ETC. (IMPRINT)
Place of publication, distribution, etc. ঢাকা :
Name of publisher, distributor, etc. সাদাকালো,
Date of publication, distribution, etc. ২০০৯
300 ## - PHYSICAL DESCRIPTION
Pagination ১২৪ পৃ. :
Illustrations চিত্র ;
Size ২৪ সেমি.
650 ## - SUBJECT ADDED ENTRY--TOPICAL TERM
Topical term or geographic name as entry element চিত্র
Chronological subdivision ১৯৭১
Geographic subdivision বাংলাদেশ
9 (RLIN) 137248
Topical term or geographic name as entry element Painting
Chronological subdivision 1971
Geographic subdivision Bangladesh
9 (RLIN) 137249
700 ## - ADDED ENTRY--PERSONAL NAME
Personal name জাহাঙ্গীর, বোরহানুদ্দিন খান, সম্পাদক
Personal name চৌধুরী, কাইয়ুম, সম্পাদক
Personal name খান, হাশেম, সম্পাদক
942 ## - ADDED ENTRY ELEMENTS (KOHA)
Source of classification or shelving scheme Dewey Decimal Classification
Koha item type Books
Holdings
Lost status Source of classification or shelving scheme Damaged status Not for loan Collection code Permanent Location Current Location Shelving location Date acquired Source of acquisition Cost, normal purchase price Total Checkouts Full call number Date last seen Copy number Koha item type
  Dewey Decimal Classification     Non-fiction Central Library, University of Rajshahi Central Library, University of Rajshahi   19/05/2010 Md Afrazzuddin 1500.00   B 782.409549205 SAD 2009 20/07/2016 C-2 Books
  Dewey Decimal Classification   Not For Loan Non-fiction Central Library, University of Rajshahi Central Library, University of Rajshahi Reading Room 19/05/2010 Md Afrazzuddin 1500.00   B 782.409549205 SAD 2009 28/12/2016 C-1 Books